| 000 | 00429pab a2200169 454500 | ||
|---|---|---|---|
| 008 | 180718b2009 xxu||||| |||| 00| 0 eng d | ||
| 100 | _aAguiar, Fernando | ||
| 245 | _aRational choice, social identity, and beliefs about oneself | ||
| 260 | _c2009 | ||
| 300 | _ap.547-71. | ||
| 362 | _aDec | ||
| 650 | _aBelief | ||
| 700 | _aFrancisco, Andres de | ||
| 773 | _aPhilosophy of Social Sciences | ||
| 908 | _aN | ||
| 909 | _a85126 | ||
| 999 |
_c85126 _d85126 |
||